| 000 | 01450cam a2200289 4500 | ||
|---|---|---|---|
| 001 | J118669 | ||
| 008 | 020703n2002 000 0 eng u | ||
| 035 | _a(Sirsi) u118669 | ||
| 041 | _aeng. | ||
| 050 | _a658.46 | ||
| 100 | _aTranfield, D. | ||
| 110 |
_aCranfield University School of Management _94265 |
||
| 245 | _aChanging times: strategic consulting for professional effectiveness | ||
| 260 |
_aLondon _bRICS _c2002 |
||
| 300 |
_a67p. _c31cm. |
||
| 520 | _aCommissioned by, and a provocation to, the new RICS Management Consultancy Faculty, this report looks at the 'potential for a strategic role for chartered surveyors'. Among the issues investigated are: how the professional landscape is changing; whether there is a market for strategic management consultancy from chartered surveyors; the key skills required by individual surveyors. The full report (Ref. 6673) is print to order only and available through RICS Books Mail Order: t +44 (0)20 7222 7000 (please ask for Books Mail Order), f +44 (0)20 7334 3851 e [email protected] or www.ricsbooks.com | ||
| 650 |
_aManagement consultancy _96255 |
||
| 650 | _aOPPORTUNITIES | ||
| 650 | _aABOUT RICS-RICS MEMBERS | ||
| 650 | _aCONSULTANCY | ||
| 650 | _aCONSULTANTS | ||
| 690 | _aMANAGEMENT-BUSINESS MANAGEMENT | ||
| 700 | _aSmart, P. | ||
| 700 | _aSmith, S. | ||
| 710 |
_aRoyal Institution of Chartered Surveyors _bManagement Consultancy Faculty _94266 |
||
| 942 | _n0 | ||
| 999 |
_c102160 _d102160 |
||